[Event "AUTO-INT-2378"]
[Site "http://www.queenalice.com/game.php?id=1081361"]
[Date "2012.7.10"]
[Round "1"]
[White "oevidalr"]
[Black "macedao2012"]
[Result "1-0"]
[WhiteElo "1648"]
[BlackElo "1417"]

1. e4 c5 2. Nf3 d6 3. d3 Bg4 4. h3 Bh5 5. Be2 e5 6. Nc3 Nc6 7. a3 Nd4 8. Nxd4
cxd4 9. Nd5 Bxe2 10. Qxe2 Nf6 11. Nxf6+ Qxf6 12. O-O Be7 13. Qg4 Qg6 14. Qf3 Rc8
15. c4 dxc3 16. bxc3 Rxc3 17. Bb2 Rc2 18. Rab1 O-O 19. d4 Qf6 20. Qb3 Rc7 21.
dxe5 Qxe5 22. Bxe5 dxe5 23. Rfc1 Rfc8 24. Rxc7 Rxc7 25. Qa4 g6 26. Qa5 b6 27.
Qxe5 Bd6 28. Qf6 1-0

[Event "AUTO-INT-2384"]
[Site "http://www.queenalice.com/game.php?id=1083357"]
[Date "2012.7.16"]
[Round "1"]
[White "macedao2012"]
[Black "lordmago"]
[Result "0-1"]
[WhiteElo "1445"]
[BlackElo "1552"]

1. Nf3 d5 2. c4 d4 3. g3 Nc6 4. Bg2 e5 5. O-O Bg4 6. d3 Bxf3 7. Bxf3 Nf6 8.
Bxc6+ bxc6 9. Bg5 h6 10. Bxf6 Qxf6 11. f4 exf4 12. Rxf4 Qd8 13. Nd2 Bb4 14. Nb3
Bd6 15. Re4+ Be7 16. Rxd4 Bc5 17. Nxc5 Qxd4+ 18. Kf1 Qxc5 19. Qb3 O-O 20. Qb7
Qf5+ 21. Ke1 Qc5 22. b4 Qg1+ 23. Kd2 Qxa1 24. Qxc7 Qxa2+ 25. Ke3 Rfe8+ 26. Kd4
Qxe2 27. Qxc6 Red8+ 28. Kc3 Qxd3+ 29. Kb2 Qe2+ 30. Kc3 Rd3# 0-1

[Event "AUTO-INT-2384"]
[Site "http://www.queenalice.com/game.php?id=1083358"]
[Date "2012.7.16"]
[Round "1"]
[White "lordmago"]
[Black "macedao2012"]
[Result "1-0"]
[WhiteElo "1542"]
[BlackElo "1452"]

1. e4 c5 2. d3 d6 3. Nc3 e6 4. Nf3 h6 5. Be2 Nc6 6. O-O Nd4 7. Be3 a6 8. Bxd4
cxd4 9. Nxd4 e5 10. Nf3 Bg4 11. h3 Bh5 12. g4 Bg6 13. a3 Qb6 14. b3 Qc6 15. Nh4
Ne7 16. Nxg6 Nxg6 17. Nd5 Nf4 18. Nxf4 exf4 19. Bf3 Qc3 20. Re1 O-O-O 21. Qc1
Be7 22. Qxf4 Qf6 23. Qxf6 Bxf6 24. Rab1 Bc3 25. Re2 d5 26. exd5 Rhe8 27. Rxe8
Rxe8 28. b4 Re1+ 29. Rxe1 Bxe1 30. Kf1 Bc3 31. Ke2 Kd7 32. d6 b6 33. Bb7 a5 34.
b5 g6 35. Bc6+ Kxd6 36. Ke3 a4 37. d4 f5 38. gxf5 gxf5 39. Kd3 Ba5 40. c4 Be1
41. f3 Bf2 42. d5 Bc5 43. Kc2 Bxa3 44. Kc3 Bc5 45. h4 1-0

[Event "AUTO-INT-2384"]
[Site "http://www.queenalice.com/game.php?id=1083359"]
[Date "2012.7.16"]
[Round "1"]
[White "macedao2012"]
[Black "Andre_ssp"]
[Result "0-1"]
[WhiteElo "1459"]
[BlackElo "1730"]

1. Nf3 f6 2. e4 e5 3. Nc3 c6 4. Be2 Nh6 5. Nh4 f5 6. Nxf5 Nxf5 7. exf5 d6 8. Bd3
Be7 9. Qg4 g6 10. O-O Rf8 11. Qa4 Bxf5 12. Ne4 Bxe4 13. Bxe4 b5 14. Bxc6+ Nxc6
15. Qxb5 Qc7 16. d3 Rb8 17. Qc4 Rb4 18. Qc3 Rh4 19. Re1 Qb6 20. Be3 Qb7 21. g3
Rh5 22. d4 exd4 23. Bxd4 Nxd4 24. Qxd4 Kf7 25. b3 Bf6 26. Qc4+ Kg7 27. Rad1 Qb6
28. Kg2 Be5 29. Qe2 Rxf2+ 30. Qxf2 Rxh2+ 31. Kxh2 Qxf2+ 32. Kh1 Bxg3 0-1

[Event "AUTO-INT-2384"]
[Site "http://www.queenalice.com/game.php?id=1083360"]
[Date "2012.7.16"]
[Round "1"]
[White "Andre_ssp"]
[Black "macedao2012"]
[Result "1-0"]
[WhiteElo "1733"]
[BlackElo "1476"]

1. e4 c5 2. Bc4 e6 3. d3 d5 4. exd5 exd5 5. Bb3 Nc6 6. Qf3 Nd4 7. Qh5 Nxb3 8.
axb3 Nf6 9. Qf3 Bg4 10. Qg3 Qe7+ 11. Kf1 Qe6 12. Nc3 c4 13. f3 Bh5 14. Qc7 Qd7
15. Qa5 Bd6 16. Nxd5 Qd8 17. Qb5+ Qd7 18. Nxf6+ gxf6 19. Qxh5 Bf8 20. bxc4 h6
21. Bd2 O-O-O 22. Rxa7 Kb8 23. Qa5 b6 24. Qxb6+ Kc8 25. Ra8# 1-0

[Event "AUTO-INT-2384"]
[Site "http://www.queenalice.com/game.php?id=1083361"]
[Date "2012.7.16"]
[Round "1"]
[White "macedao2012"]
[Black "bdpq"]
[Result "0-1"]
[WhiteElo "1454"]
[BlackElo "1637"]

1. Nf3 d5 2. c4 dxc4 3. Na3 Be6 4. e4 Nc6 5. Nxc4 Bxc4 6. Bxc4 Nb4 7. Qa4+ Nc6
8. O-O e6 9. Ne5 Ne7 10. Qb5 Rb8 11. d4 Qxd4 12. Be3 Qxe5 13. Qxe5 Nxe5 14. Bb5+
c6 15. Ba4 N7g6 16. Rfd1 Bb4 17. Bxa7 Ra8 18. a3 Be7 19. Bd4 O-O 20. Bc3 Rxa4
21. Rd4 Rxd4 22. Bxd4 Rd8 23. Bxe5 Nxe5 24. f4 Nd3 25. Rd1 Nxb2 26. Rb1 Bxa3 27.
f5 Rd1+ 28. Rxd1 Nxd1 29. fxe6 fxe6 30. g4 b5 0-1

[Event "AUTO-INT-2384"]
[Site "http://www.queenalice.com/game.php?id=1083362"]
[Date "2012.7.16"]
[Round "1"]
[White "bdpq"]
[Black "macedao2012"]
[Result "1-0"]
[WhiteElo "1630"]
[BlackElo "1461"]

1. e4 c5 2. d4 cxd4 3. Qxd4 Nc6 4. Qd1 Qa5+ 5. c3 e5 6. Qf3 Nf6 7. Bd2 Qb6 8. b4
d6 9. a4 Bg4 10. Qe3 Qxe3+ 11. Bxe3 Nxe4 12. Nd2 Nxc3 13. f3 Bh5 14. Bb5 Nxb5
15. axb5 Nxb4 16. Rc1 Nd3+ 17. Kd1 Nxc1 18. Kxc1 Rc8+ 19. Kb2 Be7 20. Bxa7 O-O
21. Ne2 f5 22. Ng3 Bg6 23. h4 Ra8 24. Bb6 Rfc8 25. h5 Bg5 26. hxg6 Bxd2 27. Rxh7
Bc3+ 28. Kb3 f4 29. Nf5 Ba5 30. Rxg7+ Kh8 31. Rxb7 Rf8 32. Rh7+ Kg8 33. Nh6# 1-0

[Event "AUTO-INT-2386"]
[Site "http://www.queenalice.com/game.php?id=1084501"]
[Date "2012.7.19"]
[Round "1"]
[White "macedao2012"]
[Black "Stewart_The_Great"]
[Result "0-1"]
[WhiteElo "1423"]
[BlackElo "1668"]

1. Nf3 Nc6 2. e4 e5 3. Bb5 Qf6 4. O-O a6 5. Ba4 d6 6. Bxc6+ bxc6 7. d4 d5 8. Bg5
Qg6 9. Re1 dxe4 10. Nxe5 Qxg5 11. Rxe4 Qe7 12. Qe2 f6 0-1

[Event "AUTO-INT-2386"]
[Site "http://www.queenalice.com/game.php?id=1084502"]
[Date "2012.7.19"]
[Round "1"]
[White "Stewart_The_Great"]
[Black "macedao2012"]
[Result "1-0"]
[WhiteElo "1661"]
[BlackElo "1430"]

1. e4 c5 2. Bc4 e6 3. d4 d5 4. exd5 exd5 5. Bb5+ Bd7 6. Qe2+ Qe7 7. Bg5 f6 8.
Nc3 Qxe2+ 9. Kxe2 fxg5 10. Nxd5 Bxb5+ 11. Ke3 cxd4+ 12. Ke4 Nf6+ 13. Kxd4 1-0

[Event "AUTO-INT-2394"]
[Site "http://www.queenalice.com/game.php?id=1088330"]
[Date "2012.7.28"]
[Round "1"]
[White "macedao2012"]
[Black "estrategista"]
[Result "0-1"]
[WhiteElo "1417"]
[BlackElo "1776"]

1. Nf3 Nf6 2. g3 c6 3. Bg2 d5 4. d4 Bf5 5. Bg5 e6 6. O-O Be7 7. Ne5 Nbd7 8. Nxd7
Qxd7 9. Bf3 O-O 10. Nc3 Bh3 0-1

[Event "AUTO-INT-2394"]
[Site "http://www.queenalice.com/game.php?id=1088342"]
[Date "2012.7.28"]
[Round "1"]
[White "macedao2012"]
[Black "luizpessoa"]
[Result "0-1"]
[WhiteElo "1370"]
[BlackElo "1650"]

1. Nf3 d5 2. c4 dxc4 3. Na3 Qd5 4. e3 b5 5. d4 e6 6. Ne5 Bd6 7. Nf3 Nf6 8. Be2
Bxa3 9. bxa3 Ne4 10. Ne5 c5 0-1

[Event "AUTO-INT-2394"]
[Site "http://www.queenalice.com/game.php?id=1088347"]
[Date "2012.7.28"]
[Round "1"]
[White "dladuke7"]
[Black "macedao2012"]
[Result "1-0"]
[WhiteElo "1635"]
[BlackElo "1387"]

1. e4 c5 2. Nf3 d6 3. Bc4 e6 4. d3 d5 5. exd5 exd5 6. Bb5+ Bd7 7. Bxd7+ Nxd7 8.
Qe2+ Qe7 9. Bg5 f6 10. Bh4 Qxe2+ 11. Kxe2 Ne5 12. Nxe5 fxe5 13. Nc3 1-0

[Event "AUTO-INT-2394"]
[Site "http://www.queenalice.com/game.php?id=1088348"]
[Date "2012.7.28"]
[Round "1"]
[White "macedao2012"]
[Black "dladuke7"]
[Result "0-1"]
[WhiteElo "1381"]
[BlackElo "1641"]

1. Nf3 d5 2. c4 d4 3. g3 Nf6 4. Bg2 Nc6 5. O-O e5 6. b3 Bb4 7. Ba3 Bxa3 8. Nxa3
a6 9. e3 Bg4 10. h3 Bxf3 11. Bxf3 O-O 12. Bxc6 bxc6 0-1